FINANCIAL ASSETS DEBT AND LIQUIDITY CRIS (Record no. 28657)
[ view plain ]
| 000 -LEADER | |
|---|---|
| fixed length control field | 00376nam a2200133Ia 4500 |
| 008 - FIXED-LENGTH DATA ELEMENTS--GENERAL INFORMATION | |
| fixed length control field | 240624s9999 xx 000 0 und d |
| 041 ## - LANGUAGE CODE | |
| Language code of text/sound track or separate title | eng |
| 082 ## - DEWEY DECIMAL CLASSIFICATION NUMBER | |
| Classification number | 330.9 CHA |
| 100 ## - MAIN ENTRY--PERSONAL NAME | |
| Personal name | CHARPE MATTHIEU |
| 245 ## - TITLE STATEMENT | |
| Title | FINANCIAL ASSETS DEBT AND LIQUIDITY CRIS |
| 260 ## - PUBLICATION, DISTRIBUTION, ETC. | |
| Date of publication, distribution, etc. | 2015 |
| Place of publication, distribution, etc. | United Kingdom |
| Name of publisher, distributor, etc. | Cambridge University Press |
| 300 ## - PHYSICAL DESCRIPTION | |
| Extent | xxiv, : 432 : p. : cm. ; 24 |
| 365 ## - TRADE PRICE | |
| Currency code | BPS |
| Price amount | 30 |
| Withdrawn status | Lost status | Damaged status | Not for loan | Home library | Current library | Shelving location | Date acquired | Source of acquisition | Cost, normal purchase price | Full call number | Barcode | Date last seen | Copy number | Price effective from | Koha item type |
|---|---|---|---|---|---|---|---|---|---|---|---|---|---|---|---|
| IMTN | IMTN | Rack 8-A | 04/27/2017 | BWN | 32.99 | 330.9 CHA | 28657 | 06/24/2024 | 84.4 | 06/24/2024 | Books |